000 00977cam a22002894a 4500
001 13187581
003 OSt
005 20260205121340.0
008 030506s2003 mdu b 001 0 eng
020 _a0801878470
020 _a0801878489
_qpbk.
020 _a9780801878473
020 _a9780801878480
_q(pbk.)
040 _aKABLIB
_cKABLIB
_beng
082 0 0 _a320.956
_223
_bISL
245 0 0 _aIslam and democracy in the Middle East /
_cedited by Larry Diamond, Marc F. Plattner, and Daniel Brumberg.
260 _aBaltimore :
_bJohns Hopkins University Press,
_c2003.
300 _axxvi, 322 p. ;
_c24 cm.
504 _aIncludes bibliographical references and index.
650 0 _aIslam and politics
_zMiddle East.
_915223
650 0 _aDemocracy
_zMiddle East.
_915224
651 0 _aMiddle East
_xPolitics and government.
_915225
700 1 _aDiamond, Larry Jay.
_915184
700 1 _aPlattner, Marc F.,
_915226
700 1 _aBrumberg, Daniel.
_915227
942 _2ddc
_cBOOK
999 _c6024
_d6024